[Event "8th Sunway Sitges 2021"]
[Site "Sitges ESP"]
[Date "2021.12.14"]
[Round "2.57"]
[White "Devnani, Kush"]
[Black "Papadiamandis, Elliot"]
[Result "1-0"]
[BlackTitle "FM"]
[WhiteElo "1934"]
[BlackElo "2396"]
[WhiteFideId "45093806"]
[BlackFideId "36074160"]
[EventDate "2021.12.13"]

1. d4 Nf6 2. c4 g6 3. Nc3 d5 4. cxd5 Nxd5 5. Bd2 Bg7 6. e4 Nxc3 7. Bxc3 O-O 8.
Qd2 c5 9. d5 e6 10. Bc4 exd5 11. Bxd5 Nd7 12. Nf3 Nf6 13. O-O Nxd5 14. exd5 Qd6
15. Rfe1 Bf5 16. Ne5 Rad8 17. Rad1 Rfe8 18. Nc4 Qa6 19. Bxg7 Kxg7 20. Ne3 Bd7
21. Qc3+ Kg8 22. Qxc5 Qxa2 23. Qd4 a6 24. Qb6 Bc8 25. Ra1 Rxe3 1-0

[Event "8th Sunway Sitges 2021"]
[Site "Sitges ESP"]
[Date "2021.12.14"]
[Round "2.58"]
[White "Setyaki, Azarya Jodi"]
[Black "Jacobi, Niklas"]
[Result "1-0"]
[WhiteTitle "IM"]
[WhiteElo "2389"]
[BlackElo "1917"]
[WhiteFideId "7101589"]
[BlackFideId "16244079"]
[EventDate "2021.12.13"]

1. e4 e5 2. Nf3 Nc6 3. Bb5 a6 4. Ba4 Nf6 5. O-O Be7 6. Re1 b5 7. Bb3 O-O 8. a4
b4 9. d3 d6 10. Nbd2 a5 11. c3 Bb7 12. Nc4 bxc3 13. bxc3 d5 14. exd5 Nxd5 15.
Bd2 f6 16. Ne3 Nb8 17. d4 Kh8 18. Nxd5 Bxd5 19. Bxd5 Qxd5 20. dxe5 Nc6 21. exf6
Bxf6 22. Qe2 Rab8 23. Rab1 Rxb1 24. Rxb1 Qa2 25. Qb5 Ne5 26. Nxe5 Qxd2 27. Qc5
Re8 28. Nf3 Qxc3 29. Qxc3 Bxc3 30. Rc1 Rb8 31. g3 Rb3 32. Ng5 h6 33. Ne4 Be5 34.
Rc5 Bd4 35. Rxa5 Bb6 36. Rb5 Rxb5 37. axb5 Kg8 38. Kf1 Kf7 39. Ke2 Ke6 40. h4
Kd5 41. Kd3 Ba7 42. h5 Bd4 43. f4 Bb2 44. Nc3+ Ke6 45. Nd1 Ba3 46. Ne3 Bc5 47.
Ke4 Bd6 48. Nf5 Bf8 49. g4 Kf6 50. Kd5 g6 51. hxg6 h5 52. g7 1-0

[Event "8th Sunway Sitges 2021"]
[Site "Sitges ESP"]
[Date "2021.12.14"]
[Round "2.59"]
[White "Latifah, Laysa"]
[Black "Gatineau, Yovann"]
[Result "1-0"]
[BlackTitle "IM"]
[WhiteElo "1897"]
[BlackElo "2384"]
[WhiteFideId "7111541"]
[BlackFideId "26028999"]
[EventDate "2021.12.13"]

1. e4 c6 2. d4 d5 3. e5 g6 4. Bd3 Bg7 5. Ne2 Nh6 6. Ng3 f6 7. Nh5 Bf8 8. Ng3 Bg7
9. Nh5 Bf8 10. Ng3 fxe5 11. dxe5 Bg4 12. f3 Be6 13. c3 Bg7 14. Qc2 Qc8 15. Be3
O-O 16. Nd2 Nf5 17. Nxf5 Bxf5 18. f4 c5 19. Bxf5 Rxf5 20. Nb3 b6 21. O-O-O Nc6
22. Rxd5 Bh6 23. Qe4 Qe6 24. Rhd1 Rff8 25. Kb1 Qg4 26. g3 Rac8 27. R5d2 e6 28.
Nc1 Ne7 29. Rd7 Nf5 30. Bg1 g5 31. Ne2 gxf4 32. gxf4 Ng7 33. Bf2 Qh5 34. Bg3 Rf7
35. a3 Rcf8 36. Rxf7 Qxf7 37. Ka2 Nf5 38. Qc6 Re8 39. Rd7 Re7 40. Rd8+ Bf8 41.
Qg2 Qg6 42. Qa8 Rf7 43. Qc6 Qg4 44. Rd2 Ne3 45. Nc1 Nd5 46. Nd3 Rc7 47. Qe8 Re7
48. Qa4 Qf3 49. Nf2 Qe3 50. Qd1 Rd7 51. Rd3 Nxc3+ 52. Rxc3 Qxc3 53. Qg4+ Rg7 54.
Qxe6+ 1-0

[Event "8th Sunway Sitges 2021"]
[Site "Sitges ESP"]
[Date "2021.12.14"]
[Round "2.60"]
[White "Gafarov, Niyazi"]
[Black "Prraneeth, Vuppala"]
[Result "0-1"]
[BlackTitle "CM"]
[WhiteElo "1438"]
[BlackElo "2377"]
[WhiteFideId "13419048"]
[BlackFideId "46622373"]
[EventDate "2021.12.13"]

1. e4 e5 2. Nf3 Nc6 3. Bb5 a6 4. Bxc6 dxc6 5. d4 exd4 6. Qxd4 Qxd4 7. Nxd4 Bd7
8. Bd2 O-O-O 9. Nc3 f6 10. O-O-O Bd6 11. Be3 Ne7 12. Nb3 Ng6 13. Bc5 Bf4+ 14.
Kb1 b6 15. g3 Be5 16. Bd4 Bg4 17. Rd3 Bxd4 18. Rxd4 Bf3 19. Re1 Ne5 20. Kc1 g5
21. h3 h5 22. Re3 h4 23. Rxd8+ Rxd8 24. gxh4 gxh4 25. Ne2 Rg8 26. Nbd4 Bxe2 27.
Nxe2 Rg2 28. f4 Nc4 29. Rc3 b5 30. Kd1 Nxb2+ 31. Ke1 Nc4 32. Nd4 Rg1+ 33. Kf2
Ra1 34. Nxc6 Rxa2 35. Ne7+ Kd8 36. Nd5 a5 37. Nxf6 a4 38. Rd3+ Ke7 39. Nd5+ Kf7
40. Nxc7 Rxc2+ 41. Kf3 Nd2+ 42. Kg4 Rxc7 43. Rxd2 a3 44. Kg5 Ra7 45. Rd1 a2 46.
Ra1 b4 47. e5 b3 48. f5 b2 49. e6+ Ke8 0-1

[Event "8th Sunway Sitges 2021"]
[Site "Sitges ESP"]
[Date "2021.12.14"]
[Round "2.61"]
[White "Bhambure, Shantanu"]
[Black "Saravanan, Durga"]
[Result "1-0"]
[WhiteElo "2377"]
[BlackElo "1618"]
[WhiteFideId "5025931"]
[BlackFideId "35068601"]
[EventDate "2021.12.13"]

1. d4 Nf6 2. c4 e6 3. Nc3 d5 4. Nf3 Bb4 5. Qa4+ Nc6 6. a3 Bxc3+ 7. bxc3 O-O 8.
Bg5 h6 9. Bh4 g5 10. Bg3 Ne4 11. Qc2 b6 12. cxd5 exd5 13. e3 Bf5 14. Bd3 Na5 15.
Ne5 f6 16. f3 Nxg3 17. hxg3 fxe5 18. Bxf5 Qf6 19. g4 exd4 20. exd4 Rae8+ 21. Kf2
Nc4 22. Rae1 Kg7 23. Bd7 Re7 24. Qf5 Qxf5 25. Rxe7+ Rf7 26. gxf5 Rxe7 27. Bc6
Nb2 28. Bxd5 Nd3+ 29. Kg3 Nf4 30. Bc4 Ne2+ 31. Kg4 Nxc3 32. f6+ Kxf6 33. Rxh6+
Kg7 34. Kxg5 Ne2 35. Rg6+ Kh7 36. Bd3 Kh8 37. Kf6 Re3 38. Rh6+ Kg8 39. Bc4+ Kf8
40. Rh8# 1-0

[Event "8th Sunway Sitges 2021"]
[Site "Sitges ESP"]
[Date "2021.12.14"]
[Round "2.62"]
[White "Kulaots, Kaido"]
[Black "Chitlange, Sakshi"]
[Result "1-0"]
[WhiteTitle "GM"]
[BlackTitle "WIM"]
[WhiteElo "2519"]
[BlackElo "2132"]
[WhiteFideId "4500261"]
[BlackFideId "35002899"]
[EventDate "2021.12.13"]

1. e4 c6 2. d4 d5 3. e5 Bf5 4. Nd2 e6 5. Nb3 Nd7 6. Nf3 Ne7 7. Be2 h6 8. O-O Qc7
9. a4 g5 10. a5 Bg7 11. Be3 f6 12. exf6 Bxf6 13. c4 O-O 14. Rc1 Rad8 15. h3 Kh8
16. Nh2 e5 17. Ng4 Bg7 18. Qe1 Qd6 19. dxe5 Nxe5 20. Bc5 Qd7 21. cxd5 Nxd5 22.
Bxf8 Rxf8 23. Nc5 Qc7 24. Nxe5 Bxe5 25. Bg4 Bxg4 26. hxg4 Re8 27. Qd2 Bf4 28.
Qd4+ Be5 29. Qc4 Qc8 30. Nd3 Bb8 31. Rfe1 Rf8 32. a6 Qc7 33. g3 Qd7 34. axb7 Nf4
35. Nxf4 Bxf4 36. Qxc6 Qd2 37. gxf4 Qxf4 38. Qc3+ 1-0

[Event "8th Sunway Sitges 2021"]
[Site "Sitges ESP"]
[Date "2021.12.14"]
[Round "2.63"]
[White "Tarigan, Gilbert Elroy"]
[Black "Narciso Dublan, Marc"]
[Result "1/2-1/2"]
[WhiteTitle "IM"]
[BlackTitle "GM"]
[WhiteElo "2149"]
[BlackElo "2519"]
[WhiteFideId "7108133"]
[BlackFideId "2201500"]
[EventDate "2021.12.13"]

1. d4 d6 2. Nf3 Bg4 3. g3 Bxf3 4. exf3 c6 5. Bg2 e6 6. h4 Nd7 7. c3 Ngf6 8. Nd2
Be7 9. f4 O-O 10. O-O Qc7 11. Qc2 Rfe8 12. Nf3 g6 13. Bd2 Bf8 14. c4 Bg7 15.
Rac1 Rac8 16. b3 Qb8 17. a4 c5 18. dxc5 Nxc5 19. Rfe1 d5 20. cxd5 Nxd5 21. Qb1
Nd7 22. Rxc8 Rxc8 23. Rc1 b6 24. Ne1 Rxc1 25. Qxc1 Nc5 26. Qc2 Qd8 27. Nd3 Bd4
28. Nxc5 bxc5 29. Be1 Ne7 30. Kf1 Nf5 31. Be4 Nd6 32. Bf3 h5 33. Qd3 Nf5 34. Be4
Qf6 35. Kg2 Nd6 36. Bf3 Nf5 37. Be4 Nd6 1/2-1/2

[Event "8th Sunway Sitges 2021"]
[Site "Sitges ESP"]
[Date "2021.12.14"]
[Round "2.64"]
[White "Laddha, Shubh Jayesh"]
[Black "Di Berardino, Diego Rafael"]
[Result "0-1"]
[BlackTitle "IM"]
[WhiteElo "2171"]
[BlackElo "2480"]
[WhiteFideId "30942799"]
[BlackFideId "2105446"]
[EventDate "2021.12.13"]

1. e4 c5 2. Nf3 e6 3. d4 cxd4 4. Nxd4 Nc6 5. Nc3 d6 6. Be3 a6 7. Qd2 Nf6 8. f3
Be7 9. O-O-O O-O 10. g4 Nd7 11. Kb1 Nxd4 12. Bxd4 b5 13. Be3 Bb7 14. Ne2 Rc8 15.
Nd4 d5 16. exd5 Bxd5 17. Be2 Ne5 18. Rhf1 Nc4 19. Bxc4 Rxc4 20. f4 Be4 21. Ka1
Qc7 22. Rc1 Rd8 23. Qf2 Bf6 24. Nb3 Rc8 25. c3 Ra4 26. a3 Qc4 27. Nc5 Bd5 28.
Kb1 Qa2+ 29. Kc2 Rc4 30. Kd1 Be7 31. b3 Qxf2 32. Rxf2 R4xc5 33. Bxc5 Bxb3+ 34.
Ke1 Bxc5 35. Re2 Bc4 36. Re5 Bxa3 37. Ra1 Bb2 0-1

[Event "8th Sunway Sitges 2021"]
[Site "Sitges ESP"]
[Date "2021.12.14"]
[Round "2.65"]
[White "Vrolijk, Liam"]
[Black "Knudsen, Simon"]
[Result "1/2-1/2"]
[WhiteTitle "IM"]
[WhiteElo "2473"]
[BlackElo "2171"]
[WhiteFideId "1048333"]
[BlackFideId "12985546"]
[EventDate "2021.12.13"]

1. e4 g6 2. d4 Bg7 3. Nf3 d6 4. Be3 Nf6 5. Nc3 O-O 6. Qd2 a6 7. Bh6 b5 8. Bd3
Nc6 9. e5 dxe5 10. Bxg7 Kxg7 11. dxe5 Nd7 12. Be4 Bb7 13. O-O-O Nb6 14. Qe3 Qc8
15. h4 h5 16. b3 Nd8 17. g4 b4 18. Bxb7 Qxb7 19. Ne4 Nd5 20. Rxd5 Qxd5 21. gxh5
a5 22. hxg6 fxg6 23. h5 Qf7 24. Rg1 Qf4 25. Rxg6+ Kh8 26. Rh6+ Kg7 27. Rg6+ Kh8
28. Neg5 a4 29. Rh6+ Kg8 30. Rg6+ Kh8 31. Kd2 Ra5 32. Rh6+ Kg8 33. Rg6+ Kh8 34.
Qxf4 Rxf4 35. Rh6+ Kg8 36. Rg6+ Kh8 37. Ke3 Rf8 38. Rh6+ Kg8 39. Rg6+ Kh8 40. e6
axb3 41. axb3 Raf5 42. Rh6+ Kg8 43. Rg6+ Kh8 44. Rh6+ 1/2-1/2

[Event "8th Sunway Sitges 2021"]
[Site "Sitges ESP"]
[Date "2021.12.14"]
[Round "2.66"]
[White "Sorensen, Hampus"]
[Black "Bogdanov, Artyom"]
[Result "1/2-1/2"]
[WhiteTitle "IM"]
[WhiteElo "2379"]
[BlackElo "1837"]
[WhiteFideId "8703884"]
[BlackFideId "13749200"]
[EventDate "2021.12.13"]

1. d4 Nf6 2. c4 e6 3. Nf3 b6 4. a3 Ba6 5. Qc2 Bb7 6. Nc3 c5 7. e4 cxd4 8. Nxd4
Bc5 9. Nb3 Nc6 10. Bd3 Nd4 11. Nxd4 Bxd4 12. Nb5 Be5 13. f4 Bb8 14. O-O a6 15.
Nc3 d6 16. Qe2 O-O 17. Kh1 Nd7 18. b4 a5 19. Bb2 axb4 20. axb4 Rxa1 21. Bxa1 Re8
22. Nb5 f6 23. Qe3 Qe7 24. Bc3 Rc8 25. Nd4 Ba6 26. Qe2 Qf7 27. Ra1 Bb7 28. Bd2
Re8 29. Rf1 Kh8 30. Nf3 Qh5 31. Qf2 d5 32. Re1 dxe4 33. Bxe4 Bxe4 34. Rxe4 e5
35. fxe5 Bxe5 36. h3 Qf5 37. Qe2 Ra8 38. Nxe5 Nxe5 39. Bc3 Re8 40. Bd4 Qe6 41.
c5 bxc5 42. Bxc5 Qc6 43. Bd4 Qd6 44. Qb5 Rb8 45. Qc5 Qxc5 46. bxc5 Rb4 47. c6
Rc4 1/2-1/2

[Event "8th Sunway Sitges 2021"]
[Site "Sitges ESP"]
[Date "2021.12.14"]
[Round "2.67"]
[White "Perez Garcia, Jimena"]
[Black "Kenneskog, Theodor"]
[Result "0-1"]
[BlackTitle "FM"]
[WhiteElo "1826"]
[BlackElo "2307"]
[WhiteFideId "24517127"]
[BlackFideId "1715011"]
[EventDate "2021.12.13"]

1. d4 d5 2. c4 c6 3. Nc3 Nf6 4. Nf3 e6 5. e3 Nbd7 6. b3 Bb4 7. Bd2 Bd6 8. Qc2
O-O 9. Be2 dxc4 10. bxc4 c5 11. O-O b6 12. Rfd1 Bb7 13. a4 Rc8 14. Qb3 Ne4 15.
Nxe4 Bxe4 16. Rac1 Bb8 17. Be1 Qc7 18. h3 f5 19. Qc3 Rf6 20. d5 exd5 21. cxd5
Bxf3 22. Bxf3 Qh2+ 23. Kf1 Ne5 24. e4 Re8 25. g3 Nxf3 26. Qxf3 Qxh3+ 27. Kg1
fxe4 28. Qg2 Qxg2+ 29. Kxg2 Be5 0-1

[Event "8th Sunway Sitges 2021"]
[Site "Sitges ESP"]
[Date "2021.12.14"]
[Round "2.68"]
[White "Aranha Filho, Alvaro Z."]
[Black "Karenza, Dita"]
[Result "1-0"]
[WhiteTitle "FM"]
[BlackTitle "WIM"]
[WhiteElo "2283"]
[BlackElo "2026"]
[WhiteFideId "2103931"]
[BlackFideId "7101473"]
[EventDate "2021.12.13"]

1. d4 Nf6 2. c4 e6 3. Nf3 d5 4. g3 Nbd7 5. Qc2 c5 6. cxd5 Nxd5 7. a3 cxd4 8.
Nxd4 Bc5 9. Nb3 Bb6 10. Bg2 O-O 11. O-O a5 12. e4 Nc7 13. Nc3 a4 14. Nd2 Nc5 15.
Nc4 Ba7 16. Bf4 Bd7 17. Rad1 f6 18. e5 f5 19. Nd6 Rb8 20. Be3 N7a6 21. Nxb7 Qc7
22. Nd6 Bc6 23. Bxc6 Qxc6 24. Ne2 Qb6 25. Rd2 Qb3 26. Nd4 Qxc2 27. Rxc2 Bb6 28.
Nc6 Ra8 29. Rfc1 Nd7 30. Bxb6 Nxb6 31. Nd4 Nd7 32. Nxe6 1-0

[Event "8th Sunway Sitges 2021"]
[Site "Sitges ESP"]
[Date "2021.12.14"]
[Round "2.69"]
[White "Lever, Erwan"]
[Black "Shaffer, Alexander"]
[Result "1-0"]
[WhiteElo "2268"]
[BlackElo "1702"]
[WhiteFideId "20640099"]
[BlackFideId "3100294"]
[EventDate "2021.12.13"]

1. d4 e6 2. c4 Nf6 3. g3 Bb4+ 4. Bd2 a5 5. Bg2 O-O 6. e3 d5 7. Qc2 Nbd7 8. Ne2
c6 9. O-O Qe7 10. f4 b5 11. c5 Bxd2 12. Nxd2 Ba6 13. Rfe1 Ng4 14. Nc1 f5 15. Nf3
Ngf6 16. Nd3 Ne4 17. Nde5 Nxe5 18. Nxe5 Qc7 19. Bxe4 fxe4 20. a3 Bc8 21. b4 axb4
22. axb4 Bd7 23. Qb2 Qb7 24. Rec1 Rfb8 25. Rc3 Be8 26. Rca3 Kf8 27. Ra5 Ke7 28.
R1a3 Kf6 29. Qa2 Rxa5 30. Rxa5 Qc7 31. g4 Ke7 32. Qf2 Kf8 33. Ra6 Kg8 34. Kg2
Qc8 35. Qa2 Qc7 36. Kg3 Rb7 37. h3 Rb8 38. h4 Rb7 39. h5 Rb8 40. Rb6 Qc8 41. Qa7
Ra8 42. Qe7 1-0

[Event "8th Sunway Sitges 2021"]
[Site "Sitges ESP"]
[Date "2021.12.14"]
[Round "2.70"]
[White "Sandhya Goli"]
[Black "Martin Barcelo, Carles"]
[Result "0-1"]
[WhiteElo "1865"]
[BlackElo "2266"]
[WhiteFideId "5031923"]
[BlackFideId "24561444"]
[EventDate "2021.12.13"]

1. e4 c6 2. Nc3 d5 3. Nf3 dxe4 4. Nxe4 Nf6 5. Nxf6+ exf6 6. d4 Bd6 7. Be3 O-O 8.
Qd2 Na6 9. Bxa6 bxa6 10. h3 Qc7 11. O-O f5 12. Qc1 f4 13. Bd2 Bf5 14. Ne5 g5 15.
Nc4 Be7 16. Ba5 Qd7 17. Ne5 Qb7 18. Re1 Rae8 19. c4 f6 20. Nf3 Qd7 21. Kh2 h5
22. Qd2 Bd6 23. Rxe8 Rxe8 24. Re1 Be4 25. d5 c5 26. Bc3 Qg7 27. Ng1 f3+ 28. g3
g4 29. b4 cxb4 30. Bxb4 Bxb4 31. Qxb4 f5 32. c5 h4 33. Qd2 hxg3+ 34. fxg3 Rb8 0-1

[Event "8th Sunway Sitges 2021"]
[Site "Sitges ESP"]
[Date "2021.12.14"]
[Round "2.71"]
[White "Boix Redorta, Roc"]
[Black "Caglar, Sila"]
[Result "1/2-1/2"]
[BlackTitle "WIM"]
[WhiteElo "1776"]
[BlackElo "2255"]
[WhiteFideId "54561817"]
[BlackFideId "6364063"]
[EventDate "2021.12.13"]

1. e4 c5 2. Nf3 e6 3. d4 cxd4 4. Nxd4 Nc6 5. Nxc6 bxc6 6. Bd3 d5 7. O-O Nf6 8.
Nc3 Be7 9. e5 Nd7 10. f4 g6 11. Qf3 Nc5 12. Kh1 h5 13. Be3 Bb7 14. Qf2 Nd7 15.
Qg3 h4 16. Qh3 c5 17. Bg1 Rg8 18. Rae1 Qa5 19. Qg4 O-O-O 20. h3 Nb6 21. Ra1 c4
22. Be2 d4 23. Nd1 Be4 24. Nf2 Bxc2 25. Qf3 Rd7 26. Bxc4 Nxc4 27. Qa8+ Kc7 28.
Qxg8 Ne3 29. Rac1 Kb7 30. Nd1 Nxf1 31. Rxc2 Ng3+ 32. Kh2 Bd8 33. Qe8 Qd5 34. Rc5
Qxc5 35. Qxd7+ Bc7 36. Bxd4 Qc1 37. Qb5+ Kc8 38. Qa6+ Kd8 39. Qd3 Ke8 40. Be3
Qc6 41. Nc3 a6 42. Bf2 g5 43. Bxg3 hxg3+ 44. Qxg3 gxf4 45. Qxf4 Qc5 46. Ne4 Qxe5
47. Qxe5 Bxe5+ 48. g3 Bxb2 49. h4 Ke7 50. Kh3 f5 51. Nc5 a5 52. Nd3 Ba1 53. g4
fxg4+ 54. Kxg4 Kf6 55. Kf4 Kg6 1/2-1/2

[Event "8th Sunway Sitges 2021"]
[Site "Sitges ESP"]
[Date "2021.12.14"]
[Round "2.72"]
[White "Kumar, Sanjit S"]
[Black "Defromont, Benjamin"]
[Result "0-1"]
[BlackTitle "FM"]
[WhiteElo "1686"]
[BlackElo "2250"]
[WhiteFideId "468142"]
[BlackFideId "36068829"]
[EventDate "2021.12.13"]

1. d4 Nf6 2. c4 e6 3. Nc3 Bb4 4. Qc2 b6 5. e4 c5 6. e5 cxd4 7. a3 Bxc3+ 8. bxc3
Ng8 9. cxd4 Ne7 10. Bd3 Nbc6 11. Nf3 h6 12. Bb2 O-O 13. Be4 Ba6 14. O-O Rc8 15.
Rfd1 d5 16. Bd3 Bxc4 17. Bxc4 Na5 18. Nd2 Nxc4 19. Nxc4 dxc4 20. a4 Nd5 21. Ba3
Re8 22. Rab1 Qg5 23. a5 Rc6 24. Bd6 Rec8 25. g3 Qg6 26. Qxg6 fxg6 27. Rdc1 c3
28. Rc2 Rc4 29. axb6 axb6 30. Kf1 Rxd4 31. Ke1 g5 32. Rb3 Ra4 33. Rb1 g4 34. Ke2
Re4+ 35. Kf1 Ra8 36. Kg2 Rd4 37. Kf1 Rd2 38. Rbc1 Ra2 39. Rxa2 Rxa2 40. Ke1 b5
41. Kf1 c2 0-1

[Event "8th Sunway Sitges 2021"]
[Site "Sitges ESP"]
[Date "2021.12.14"]
[Round "2.73"]
[White "Rakshitta, Ravi"]
[Black "Sudarshan, Bhat"]
[Result "1-0"]
[WhiteTitle "WIM"]
[WhiteElo "2240"]
[BlackElo "1827"]
[WhiteFideId "25073230"]
[BlackFideId "35070843"]
[EventDate "2021.12.13"]

1. e4 e5 2. Nf3 Nc6 3. Bb5 a6 4. Ba4 d6 5. O-O Bd7 6. d4 exd4 7. Nxd4 b5 8. Nxc6
Bxc6 9. Bb3 Nf6 10. Nc3 Be7 11. Re1 O-O 12. a3 a5 13. Qe2 Rb8 14. Nd5 Re8 15.
Nxe7+ Qxe7 16. f3 Qe5 17. Qd1 a4 18. Ba2 b4 19. Be3 b3 20. cxb3 axb3 21. Bxb3
Qxb2 22. Bc4 Nd7 23. Bd4 Qb7 24. Qc2 Qa8 25. Rec1 Ba4 26. Qa2 Re7 27. Qd2 Ne5
28. Qg5 Rbe8 29. Bd5 c6 30. Ba2 h6 31. Qg3 Qa6 32. Bb1 Rb7 33. f4 Ng6 34. f5 Ne5
35. f6 g6 36. Qh4 Kh7 37. Be3 h5 38. h3 Rh8 39. Qg5 Kg8 40. Bd4 Rb5 41. Qd2 Qa5
42. Rc3 Kh7 43. Ba2 Rhb8 44. Qf4 Bb3 45. Bxb3 Rxb3 46. Rxb3 Rxb3 47. Be3 Rxe3
48. Qxe3 Nc4 49. Qb3 Qc5+ 50. Kh1 Qe5 51. Rc1 d5 52. exd5 cxd5 53. Qc3 Qe4 54.
Re1 Qf4 55. Qf3 Qd2 56. Qe2 Qxe2 57. Rxe2 g5 58. a4 Kg6 59. Ra2 Kxf6 60. a5 Ke5
61. a6 Nb6 62. a7 Ke4 63. Rb2 Na8 64. Rb8 Nc7 65. Rc8 d4 66. Rxc7 1-0

[Event "8th Sunway Sitges 2021"]
[Site "Sitges ESP"]
[Date "2021.12.14"]
[Round "2.74"]
[White "Gregersen, Hedin"]
[Black "Citra, Dewi Ardhiani Anastasia"]
[Result "1/2-1/2"]
[BlackTitle "WIM"]
[WhiteElo "1815"]
[BlackElo "2238"]
[WhiteFideId "7200226"]
[BlackFideId "7101244"]
[EventDate "2021.12.13"]

1. Nf3 Nf6 2. g3 b6 3. Bg2 Bb7 4. O-O g6 5. d3 Bg7 6. e4 c5 7. Nbd2 O-O 8. Re1
Nc6 9. c3 d6 10. a4 a6 11. Qb3 Na5 12. Qc2 Nd7 13. Nc4 b5 14. Nxa5 Qxa5 15. Bg5
Rfe8 16. axb5 Qxb5 17. d4 cxd4 18. cxd4 h6 19. Bf1 Qc6 20. Qxc6 Bxc6 21. Bc1 Bb5
22. Bg2 Rac8 23. Bd2 Nb6 24. Rec1 Rxc1+ 25. Rxc1 Rc8 26. Rxc8+ Nxc8 27. Bf1 Na7
28. Be3 Kf8 29. Bxb5 Nxb5 30. Kf1 f5 31. exf5 gxf5 32. Ke2 Kf7 33. Kd3 Ke6 34.
Nh4 Bf6 35. Ng6 Kd7 36. Nf4 Bg5 37. Nd5 Bxe3 38. fxe3 e5 39. dxe5 dxe5 40. e4
Ke6 41. Ne3 1/2-1/2

[Event "8th Sunway Sitges 2021"]
[Site "Sitges ESP"]
[Date "2021.12.14"]
[Round "2.75"]
[White "Crevatin, Leo"]
[Black "Garcia Rodriguez, Laia"]
[Result "1-0"]
[WhiteTitle "CM"]
[WhiteElo "2238"]
[BlackElo "1568"]
[WhiteFideId "1726307"]
[BlackFideId "54732565"]
[EventDate "2021.12.13"]

1. d4 d5 2. c4 e6 3. Nc3 Nf6 4. Nf3 Be7 5. Bf4 c6 6. e3 O-O 7. Bd3 Nbd7 8. c5 b6
9. b4 Bb7 10. O-O h6 11. h3 Re8 12. Qb3 Bf8 13. a4 bxc5 14. bxc5 Bc8 15. Bh2 a5
16. Rab1 g6 17. Rfe1 Bg7 18. e4 dxe4 19. Nxe4 Nxe4 20. Bxe4 Ra6 21. Bd6 Nf6 22.
Bd3 Ra8 23. Ne5 Bd7 24. Qb7 Qc8 25. Qxc8 Rexc8 26. Rb6 Nd5 27. Nxd7 Bxd4 28. Rb7
Nb4 29. Bc4 Re8 30. Ne5 Bxe5 31. Bxe5 Red8 32. Bd6 Nc2 33. Rxe6 1-0

[Event "8th Sunway Sitges 2021"]
[Site "Sitges ESP"]
[Date "2021.12.14"]
[Round "2.76"]
[White "Jimenez Ruano, Adrian"]
[Black "Vemparala, Nikash"]
[Result "1-0"]
[WhiteTitle "FM"]
[WhiteElo "2224"]
[BlackElo "1633"]
[WhiteFideId "22276050"]
[BlackFideId "30960967"]
[EventDate "2021.12.13"]

1. Nf3 d5 2. b3 Nf6 3. Bb2 b6 4. e3 Bb7 5. c4 e6 6. Nc3 Be7 7. cxd5 exd5 8. d4
O-O 9. Bd3 h6 10. O-O Nbd7 11. Nh4 Re8 12. Nf5 Bf8 13. Qf3 g6 14. Ng3 Bg7 15.
Rac1 a6 16. Rfe1 Rc8 17. e4 c5 18. Nxd5 Nxd5 19. exd5 Rxe1+ 20. Rxe1 cxd4 21.
Bb1 Ne5 22. Qf4 Qxd5 23. Be4 Qa5 24. Rf1 Bxe4 25. Qxe4 Qxa2 26. Bxd4 Qc2 27. Qe3
Qd3 28. Bxb6 Qxe3 29. Bxe3 Rb8 30. Rb1 Nd3 31. Ne4 a5 32. Nd2 f5 33. Kf1 f4 34.
Ba7 Rb7 35. Ke2 Rd7 36. Bb6 Bc3 37. Ne4 Bg7 38. Bxa5 Ne5 39. Rc1 Rb7 40. Rc8+
Kh7 41. Rc7 Rxb3 42. Nf6+ Kh8 43. Rc8+ Bf8 44. Bc3 Rb5 45. Nd7 1-0

[Event "8th Sunway Sitges 2021"]
[Site "Sitges ESP"]
[Date "2021.12.14"]
[Round "2.77"]
[White "Buiza Prieto, Eihartze"]
[Black "Iniyan, P"]
[Result "0-1"]
[WhiteTitle "WFM"]
[BlackTitle "GM"]
[WhiteElo "2086"]
[BlackElo "2555"]
[WhiteFideId "22250220"]
[BlackFideId "25002767"]
[EventDate "2021.12.13"]

1. e4 c5 2. Nf3 d6 3. Bb5+ Nd7 4. d4 cxd4 5. Qxd4 a6 6. Be2 Ngf6 7. O-O e5 8.
Qe3 b5 9. c4 b4 10. a3 Bb7 11. Bd3 Nc5 12. Nbd2 a5 13. Bc2 Be7 14. Kh1 O-O 15.
Ng1 Nfd7 16. Ne2 Bg5 17. f4 Bh6 18. Qg3 Kh8 19. fxe5 dxe5 20. Nf3 Bxc1 21. Raxc1
Qe7 22. Qg4 bxa3 23. bxa3 Bxe4 24. Bxe4 Nf6 25. Qf5 Ncxe4 26. Qxe5 Qxa3 27. Ned4
Nf2+ 28. Kg1 Nd3 29. Qe3 Rae8 30. Qg5 Ne4 31. Ra1 Qxa1 32. Rxa1 Nxg5 33. Nxg5
Re1+ 0-1

[Event "8th Sunway Sitges 2021"]
[Site "Sitges ESP"]
[Date "2021.12.14"]
[Round "2.78"]
[White "Megaranto, Susanto"]
[Black "Gugan G"]
[Result "1/2-1/2"]
[WhiteTitle "GM"]
[WhiteElo "2548"]
[BlackElo "2084"]
[WhiteFideId "7101384"]
[BlackFideId "45092931"]
[EventDate "2021.12.13"]

1. d4 e6 2. Nf3 f5 3. g3 Nf6 4. Bg2 d5 5. O-O Bd6 6. c4 c6 7. b3 Qe7 8. Bb2 O-O
9. Nc3 Nbd7 10. e3 Ne4 11. Ne2 b6 12. Ne5 Bb7 13. f3 Nef6 14. Nf4 Rac8 15. Re1
c5 16. Nxd7 Qxd7 17. dxc5 Bxc5 18. Nd3 dxc4 19. Nxc5 bxc5 20. bxc4 Qc7 21. Qc2
Nd7 22. Qc3 Nb6 23. a4 Bc6 24. Qc2 Rb8 25. Re2 Nxa4 26. Ba3 Rfd8 27. e4 fxe4 28.
f4 Rd4 29. Bxe4 Bxe4 30. Rxe4 Rxe4 31. Qxe4 Qd6 32. Re1 Qd4+ 33. Qxd4 cxd4 34.
Bd6 Rc8 35. Rxe6 Rxc4 36. f5 Rc8 37. Kf2 Nc5 38. Re7 d3 39. Bxc5 Rxc5 40. Rxa7
Rxf5+ 41. Ke3 Rd5 42. Kd2 h6 43. Ra3 Kf7 44. Rxd3 Ke6 45. Rxd5 Kxd5 46. Kd3 g6
47. h3 Ke5 48. Ke3 h5 49. h4 Kf5 50. Kf3 Ke5 51. g4 hxg4+ 52. Kxg4 Kf6 53. h5
gxh5+ 54. Kxh5 1/2-1/2

[Event "8th Sunway Sitges 2021"]
[Site "Sitges ESP"]
[Date "2021.12.14"]
[Round "2.79"]
[White "Arjun, Kalyan"]
[Black "Fernandez Bustamante, Leancy B."]
[Result "1-0"]
[WhiteTitle "GM"]
[BlackTitle "WFM"]
[WhiteElo "2537"]
[BlackElo "2080"]
[WhiteFideId "35018701"]
[BlackFideId "3523870"]
[EventDate "2021.12.13"]

1. e4 c5 2. Nf3 a6 3. c4 d6 4. d4 cxd4 5. Nxd4 Nc6 6. Nc3 Nf6 7. Nxc6 bxc6 8.
Bg5 e5 9. Qd2 h6 10. Bh4 g5 11. Bg3 Qa5 12. h4 Rg8 13. hxg5 hxg5 14. O-O-O Be6
15. Kb1 Qc5 16. f3 Bxc4 17. Rc1 Qd4 18. Qxd4 exd4 19. Bxc4 dxc3 20. Rxc3 Nd7 21.
Rd1 Bg7 22. Rc2 Be5 23. Bxe5 Nxe5 24. Rxd6 Ke7 25. Rh6 Rgd8 26. Be2 a5 27. Rh5
f6 28. Rh7+ Ke6 29. g3 Rd7 30. Rh6 Rg8 31. f4 gxf4 32. gxf4 Rg1+ 33. Rc1 Rxc1+
34. Kxc1 Nd3+ 35. Bxd3 Rxd3 36. e5 1-0